|
|
|
|
| LEADER |
00000cam a2200000 7i4500 |
| 001 |
0000002962 |
| 005 |
20040325.0 |
| 020 |
0 |
0 |
|a 9793361026
|
| 090 |
0 |
0 |
|a 341.762
|b HIR 2003
|
| 100 |
1 |
0 |
|a HIRAKURI
|h Sofia R.
|
| 245 |
1 |
0 |
|a Can law save the forest? :
|b lessons from Finland and Brazil
|c Sofia R. Hirakuri
|
| 260 |
0 |
0 |
|a Jakarta :
|b Center for International Forestry Research ,
|c 2003
|
| 300 |
|
|
|a x,120 p. ;
|c 25 cm.
|
| 500 |
0 |
0 |
|a Bibliography : p. 111-120
|
| 650 |
0 |
0 |
|a Forestry law and legislation
|
| 650 |
0 |
0 |
|a Forestry law and legislation
|z Brazil
|
| 650 |
0 |
0 |
|a Forestry law and legislation
|z Finland
|
| 710 |
1 |
1 |
|a Center for International Forestry Research (CIFOR)
|
| 998 |
|
|
|a JPSM
|
| 999 |
|
|
|a 0000005215
|b Monograph
|c Open Shelf
|e Default branch
|